Loading...
| Ancient History and Archaeology | 1 | 20.00 | 100% | 0% | 100% |
| Beliefs | 7 | 11.43 | 14% | 57% | 43% |
| British and Commonwealth History | 4 | 12.50 | 50% | 75% | 0% |
| Fine Arts - Auditory | 3 | 6.67 | 0% | 0% | 67% |
| Fine Arts - Visual | 4 | 15.00 | 25% | 75% | 50% |
| Geography | 1 | 10.00 | 0% | 0% | 100% |
| History - American | 3 | 23.33 | 67% | 100% | 67% |
| History - European | 4 | 12.50 | 50% | 25% | 50% |
| History - World | 3 | 13.33 | 67% | 33% | 33% |
| Literature - American | 3 | 16.67 | 67% | 0% | 100% |
| Literature - British | 6 | 11.67 | 33% | 33% | 50% |
| Literature - European | 3 | 10.00 | 33% | 0% | 67% |
| Other Arts: Auditory | 1 | 0.00 | 0% | 0% | 0% |
| Other Arts: Visual | 3 | 10.00 | 33% | 33% | 33% |
| Other Science: Computer Science | 1 | 10.00 | 0% | 100% | 0% |
| Other Science: Earth Science | 2 | 10.00 | 0% | 100% | 0% |
| Other Science: Math | 2 | 15.00 | 0% | 100% | 50% |
| Philosophy | 3 | 13.33 | 67% | 67% | 0% |
| Science - Biology | 3 | 10.00 | 33% | 67% | 0% |
| Science - Chemistry | 3 | 20.00 | 67% | 67% | 67% |
| Science - Physics | 3 | 16.67 | 33% | 33% | 100% |
| Social Science | 5 | 6.00 | 0% | 40% | 20% |
| World and Other Literature | 3 | 10.00 | 67% | 0% | 33% |